000 00503nam a2200217Ia 4500
003 OSt
005 20220924133901.0
006 a|||||r|||| 00| 0
007 ta
008 220923b |||||||| |||| 00| 0 tam d
024 _a269626
037 _cTextual
040 _aARTS
_cARTS
_btam
041 _2tam
_atam
082 _aU8.1, 31K61
245 0 _aPriyana illakkiyam
260 _c1961
650 _aGEOGRAPHY
942 _hU8.1, 31K61
_cTEXL
_2CC
999 _c435610
_d435610